000
00320nam a2200145Ia 4500
005
20250423095938.0
008
250422s9999 xx 000 0 und d
020
_a
9780406176141
050
_a
KA 90 .D3/
100
_a
Denning, Lord
245
0
_a
Land Mark in Law
260
_c
1984
300
_a
375 p
942
_c
BK
999
_c
31817
_d
31817